Statistics for New GCSE Parts of the cell

Click here to take the quiz!

General Stats

  • This quiz has been taken 918 times
  • The average score is 8 of 11

Answer Stats

HintAnswer% Correct
Controls the cellNucleus
97%
Strengthens the cell and contains celluloseCell wall
92%
Controls what goes in and out of the cellCell membrane
90%
Where respiration happens to make energyMitochondria
88%
Where chemical reactions happenCytoplasm
83%
Where photosynthesis occursChloroplast
81%
Makes proteinsRibosome
80%
Contains cell sapVacuole
72%
What type of cell has its DNA loose in the cytoplasm rather than in the nucleus?Bacteria
59%
What are animal and plant cells called?Eukaryotes
43%
What are bacterial cells called?Prokaryotes
43%

Score Distribution

Percentile by Number Answered

Percent of People with Each Score

Your Score History

You have not taken this quiz